000 00559nam a2200205Ia 4500
005 20260429112020.0
008 260429s9999||||xx |||||||||||||| ||und||
020 _a9781032522586
041 _aEnglish
082 _a338.479
_bALT
100 _aAltinay, Levent
245 0 _aPlanning research in hospitality and tourism /
_cLevent Altinay
250 _a3rd ed.
260 _aNew Delhi :
_bRoutledge,
_c2024.
300 _axv, 356 p.; pbk
650 _a Hospitality research
650 _a Tourism studies
650 _aResearch methods
942 _cTB
999 _c51898
_d51898